000 00284nam a22001097a 4500
999 _c529921
_d529921
020 _a9789385254895
082 _aA6x54 H224
100 _aHari, D.K.
_953085
245 _aU Turn India
_cD.K. Hari and D. K. Hema Hari
260 _aBangluru
_bShri Shri Publication
_c2017
300 _a288p.